The Journal of Entrepreneurship (Record no. 4586)

MARC details
000 -LEADER
fixed length control field 00311nam a22001457a 4500
005 - DATE AND TIME OF LATEST TRANSACTION
control field 20240220124919.0
008 - FIXED-LENGTH DATA ELEMENTS--GENERAL INFORMATION
fixed length control field 160629b xxu||||| |||| 00| 0 eng d
041 ## - LANGUAGE CODE
Language code of text/sound track or separate title eng
082 ## - DEWEY DECIMAL CLASSIFICATION NUMBER
Item number 10980
245 ## - TITLE STATEMENT
Title The Journal of Entrepreneurship
260 ## - PUBLICATION, DISTRIBUTION, ETC. (IMPRINT)
Name of publisher Sage
300 ## - PHYSICAL DESCRIPTION
Number of Pages 98
650 ## - SUBJECT ADDED ENTRY--TOPICAL TERM
Topical Term Management
942 ## - ADDED ENTRY ELEMENTS (KOHA)
Koha item type Books
Holdings
Lost status Damaged status Home library Current library Shelving location Date acquired Full call number Accession Number Koha item type
    JRU Library   SHELF-32-F 29/06/2016 10980 10980 Books